| 000 | 00788nam a2200289Ia 4500 | ||
|---|---|---|---|
| 001 | 7073 | ||
| 005 | 20240113233955.0 | ||
| 007 | ta | ||
| 008 | 050702s2004 a g b000 u eng u | ||
| 020 | _a81-7648-483-0 | ||
| 040 | _aCotton College Assma | ||
| 041 | _aeng | ||
| 082 |
_a370.1 _bSe 31 Ph |
||
| 100 | _aSeetharamu, A.S. . | ||
| 245 | 0 |
_aPhilosophies of Education / _cA.S. Seetharamu. _hTextual Documents |
|
| 250 | _a1st ed. / | ||
| 260 |
_aNew Delhi : _bAshish Publishing House , _c2004. |
||
| 300 |
_axv, 243p. : _bill. ; _c22cm . |
||
| 504 | _aBib, Index | ||
| 653 | _aEducation-Philosophy | ||
| 653 | _aEducational Philosophy | ||
| 653 | _aPhilosophy-Education | ||
| 653 | _aPG-Education | ||
| 942 |
_2ddc _cBK |
||
| 999 |
_c7060 _d7060 |
||